000 00942nam a2200217Ia 4500
999 _c40350
_d40350
001 6958
003 GE_BSU
005 20190530145942.0
008 181216s1961|||| |||||||||||||| ||geo||
040 _cGE_BSU
041 _ageo
080 _a338.45+69 შ-27
100 _aშასი, მ.ე.
_91831
245 _aმშენებლობის ეკონომიკა : სახელმძღვ. /
_cმ.ე. შასი ; სწავლ. რედ : ვ.მ. ილინი.
250 _aთარგმანი მეორე შევსებ. და გადამუშ. რუსული გამოც.
264 _aთბილისი :
_bცოდნა,
_c1961.
300 _a658 გვ .:
_c22 გვ.
653 _aმშენებლობის ეკონომიკა
700 _aილინი, ვ.მ.
_eსწავლული რედაქტორი
_91832
942 _cBK
_2udc